[Event "Budimex Polish Women's Championship"]
[Site "www.chessmanager.com"]
[Date "2018.05.18"]
[Round "7"]
[White "Sliwicka, Alicja"]
[Black "Kubicka, Anna"]
[Result "1-0"]
[Board "2"]
[WhiteElo "2261"]
[WhiteTitle "WFM"]
[WhiteCountry "POL"]
[WhiteFideId "1150677"]
[WhiteEloChange "9"]
[BlackElo "2219"]
[BlackTitle "WIM"]
[BlackCountry "POL"]
[BlackFideId "1152254"]
[BlackEloChange "-9"]

1. e4 {[%clk 1:30:56]} c5 {[%clk 1:30:48]} 2. Nf3 {[%clk 1:31:21]} d6 {[%clk
1:31:11]} 3. d4 {[%clk 1:31:46]} cxd4 {[%clk 1:31:36]} 4. Nxd4 {[%clk 1:32:11]}
Nf6 {[%clk 1:31:57]} 5. Nc3 {[%clk 1:32:36]} a6 {[%clk 1:32:23]} 6. Bg5 {[%clk
1:33:00]} Nbd7 {[%clk 1:32:46]} 7. Qe2 {[%clk 1:33:23]} Qc7 {[%clk 1:30:59]} 8.
O-O-O {[%clk 1:33:35]} g6 {[%clk 1:30:09]} 9. f4 {[%clk 1:32:34]} e5 {[%clk
1:28:23]} 10. Nb3 {[%clk 1:28:12]} h6 {[%clk 1:23:34]} 11. Bh4 {[%clk 1:23:03]}
Be7 {[%clk 1:11:09]} 12. f5 {[%clk 1:17:22]} gxf5 {[%clk 1:03:38]} 13. exf5
{[%clk 1:17:41]} b5 {[%clk 1:03:39]} 14. g4 {[%clk 1:06:43]} b4 {[%clk 0:56:46]}
15. Bxf6 {[%clk 0:58:31]} Nxf6 {[%clk 0:51:38]} 16. Bg2 {[%clk 0:58:27]} Rb8
{[%clk 0:39:59]} 17. Nd5 {[%clk 0:57:27]} Nxd5 {[%clk 0:38:59]} 18. Bxd5 {[%clk
0:57:43]} a5 {[%clk 0:37:37]} 19. Nd2 {[%clk 0:51:28]} Bg5 {[%clk 0:30:34]} 20.
Kb1 {[%clk 0:51:32]} Bxd2 {[%clk 0:30:08]} 21. Qxd2 {[%clk 0:50:04]} a4 {[%clk
0:26:30]} 22. Rhf1 {[%clk 0:47:05]} Rb6 {[%clk 0:23:32]} 23. g5 {[%clk 0:40:25]}
hxg5 {[%clk 0:22:35]} 24. Qxg5 {[%clk 0:40:46]} a3 {[%clk 0:17:20]} 25. Qg7
{[%clk 0:33:51]} Rf8 {[%clk 0:15:50]} 26. Rf3 {[%clk 0:25:10]} axb2 {[%clk
0:15:23]} 27. Bb3 {[%clk 0:25:13]} Qb7 {[%clk 0:12:10]} 28. Rdf1 {[%clk 0:22:39]}
Qa6 {[%clk 0:08:08]} 29. R1f2 {[%clk 0:20:59]} Rb7 {[%clk 0:07:46]} 30. Qg1
{[%clk 0:16:59]} Rc7 {[%clk 0:06:24]} 31. Rg3 {[%clk 0:16:12]} Rc3 {[%clk
0:04:41]} 32. Kxb2 {[%clk 0:11:07]} Rxg3 {[%clk 0:04:42]} 33. Qxg3 {[%clk
0:11:26]} Qb6 {[%clk 0:04:17]} 34. Rf1 {[%clk 0:09:44]} Qd4+ {[%clk 0:03:14]} 35.
Kb1 {[%clk 0:09:40]} Bd7 {[%clk 0:02:50]} 36. Qf3 {[%clk 0:06:59]} e4 {[%clk
0:01:04]} 37. Qe2 {[%clk 0:06:10]} f6 {[%clk 0:00:53]} 38. Rd1 {[%clk 0:05:09]}
Qe5 {[%clk 0:01:06]} 39. Rd5 {[%clk 0:02:12]} Qf4 {[%clk 0:01:30]} 40. Ra5 {[%clk
0:31:48]} Ke7 {[%clk 0:30:34]} 41. Qh5 {[%clk 0:30:03]} Qf2 {[%clk 0:17:23]} 42.
a3 {[%clk 0:18:38]} Be8 {[%clk 0:08:37]} 43. Qh7+ {[%clk 0:16:46]} Rf7 {[%clk
0:08:29]} 44. Qg8 {[%clk 0:15:40]} Rf8 {[%clk 0:04:04]} 45. Qe6+ {[%clk 0:15:56]}
Kd8 {[%clk 0:04:13]} 46. Qxd6+ {[%clk 0:16:01]} Kc8 {[%clk 0:04:26]} 47. Ra8+
{[%clk 0:16:07]} Kb7 {[%clk 0:04:38]} 48. Bd5+ {[%clk 0:16:30]} 1-0

[Event "Budimex Polish Women's Championship"]
[Site "www.chessmanager.com"]
[Date "2018.05.18"]
[Round "7"]
[White "Rajlich, Iweta"]
[Black "Warakomska, Anna"]
[Result "1-0"]
[Board "3"]
[WhiteElo "2389"]
[WhiteTitle "IM"]
[WhiteCountry "POL"]
[WhiteFideId "1108166"]
[WhiteEloChange "7"]
[BlackElo "2295"]
[BlackTitle "WIM"]
[BlackCountry "POL"]
[BlackFideId "1130790"]
[BlackEloChange "-7"]

1. d4 {[%clk 1:30:59]} d5 {[%clk 1:30:29]} 2. Bg5 {[%clk 1:31:11]} Nf6 {[%clk
1:24:36]} 3. Nd2 {[%clk 1:30:41]} c6 {[%clk 1:24:06]} 4. c3 {[%clk 1:30:25]} Bf5
{[%clk 1:17:50]} 5. f3 {[%clk 1:30:15]} Nbd7 {[%clk 1:15:29]} 6. Qb3 {[%clk
1:27:15]} Qb6 {[%clk 1:11:06]} 7. e3 {[%clk 1:26:25]} e6 {[%clk 1:07:48]} 8. g4
{[%clk 1:16:23]} Bg6 {[%clk 1:07:35]} 9. Bf4 {[%clk 1:12:25]} h6 {[%clk 1:00:39]}
10. Ne2 {[%clk 1:10:59]} c5 {[%clk 0:53:56]} 11. Qxb6 {[%clk 1:09:42]} Nxb6
{[%clk 0:45:10]} 12. Bg3 {[%clk 1:04:51]} Bd3 {[%clk 0:37:49]} 13. Nf4 {[%clk
1:01:08]} Bxf1 {[%clk 0:38:12]} 14. Rxf1 {[%clk 1:00:13]} cxd4 {[%clk 0:36:37]}
15. exd4 {[%clk 0:59:44]} Bd6 {[%clk 0:36:30]} 16. O-O-O {[%clk 0:56:14]} Ke7
{[%clk 0:33:17]} 17. b3 {[%clk 0:53:55]} Rhc8 {[%clk 0:27:52]} 18. Kb2 {[%clk
0:53:58]} Rc6 {[%clk 0:27:16]} 19. Nd3 {[%clk 0:51:23]} Bxg3 {[%clk 0:27:36]} 20.
hxg3 {[%clk 0:51:49]} Nbd7 {[%clk 0:25:39]} 21. a4 {[%clk 0:47:47]} a5 {[%clk
0:23:43]} 22. Nb1 {[%clk 0:44:14]} Ne8 {[%clk 0:23:14]} 23. Nf4 {[%clk 0:42:43]}
Nd6 {[%clk 0:22:58]} 24. Na3 {[%clk 0:41:44]} Rac8 {[%clk 0:21:21]} 25. Rc1
{[%clk 0:41:48]} Rb6 {[%clk 0:21:11]} 26. Rfe1 {[%clk 0:40:12]} Kf8 {[%clk
0:21:36]} 27. Kc2 {[%clk 0:39:06]} Nf6 {[%clk 0:17:50]} 28. Nd3 {[%clk 0:37:33]}
Nd7 {[%clk 0:16:40]} 29. Re3 {[%clk 0:32:18]} Rc7 {[%clk 0:14:17]} 30. Nf4 {[%clk
0:30:39]} Rc8 {[%clk 0:12:30]} 31. Rh1 {[%clk 0:28:22]} Kg8 {[%clk 0:11:18]} 32.
Rb1 {[%clk 0:23:10]} Rbc6 {[%clk 0:09:58]} 33. Kd2 {[%clk 0:22:40]} Nb6 {[%clk
0:08:33]} 34. Rc1 {[%clk 0:20:54]} R6c7 {[%clk 0:07:27]} 35. Ree1 {[%clk
0:20:15]} Nd7 {[%clk 0:05:43]} 36. Nd3 {[%clk 0:16:36]} Kf8 {[%clk 0:04:42]} 37.
Nb5 {[%clk 0:15:30]} Nxb5 {[%clk 0:05:01]} 38. axb5 {[%clk 0:15:59]} Ke7 {[%clk
0:04:43]} 39. Rc2 {[%clk 0:12:09]} b6 {[%clk 0:02:15]} 40. b4 {[%clk 0:40:55]}
axb4 {[%clk 0:31:04]} 41. Nxb4 {[%clk 0:28:51]} Kd6 {[%clk 0:31:30]} 42. Ra1
{[%clk 0:27:53]} e5 {[%clk 0:27:24]} 43. Kd3 {[%clk 0:17:57]} Rc4 {[%clk
0:23:10]} 44. Ra7 {[%clk 0:16:31]} e4+ {[%clk 0:20:14]} 45. fxe4 {[%clk 0:16:52]}
dxe4+ {[%clk 0:20:40]} 46. Kd2 {[%clk 0:17:05]} e3+ {[%clk 0:19:27]} 47. Kd3
{[%clk 0:17:26]} e2 {[%clk 0:19:29]} 48. Ra1 {[%clk 0:14:28]} Nf6 {[%clk
0:18:15]} 49. Nc6 {[%clk 0:13:34]} Ra4 {[%clk 0:17:42]} 50. Re1 {[%clk 0:12:47]}
Nd5 {[%clk 0:11:55]} 51. Rexe2 {[%clk 0:12:29]} Ra1 {[%clk 0:10:37]} 52. Ra2
{[%clk 0:07:01]} Rg1 {[%clk 0:10:25]} 53. Rg2 {[%clk 0:05:01]} Rd1+ {[%clk
0:08:19]} 54. Rad2 {[%clk 0:04:54]} Rc1 {[%clk 0:08:28]} 55. Rc2 {[%clk 0:05:00]}
Re1 {[%clk 0:08:18]} 56. Kd2 {[%clk 0:05:08]} Rb1 {[%clk 0:06:02]} 57. c4 {[%clk
0:04:49]} Nf6 {[%clk 0:06:09]} 58. Re2 {[%clk 0:04:30]} Re8 {[%clk 0:04:54]} 59.
Ne5 {[%clk 0:04:31]} Kc7 {[%clk 0:04:40]} 60. Ra2 {[%clk 0:04:41]} Kb7 {[%clk
0:04:47]} 61. Nxf7 {[%clk 0:03:54]} Rxe2+ {[%clk 0:05:14]} 62. Kxe2 {[%clk
0:04:20]} Rg1 {[%clk 0:04:06]} 63. Kf2 {[%clk 0:04:19]} Rc1 {[%clk 0:03:56]} 64.
Re2 {[%clk 0:04:16]} Rxc4 {[%clk 0:03:31]} 65. Nd6+ {[%clk 0:04:44]} 1-0

[Event "Budimex Polish Women's Championship"]
[Site "www.chessmanager.com"]
[Date "2018.05.18"]
[Round "7"]
[White "Zawadzka, Jolanta"]
[Black "Socko, Monika"]
[Result "1/2-1/2"]
[Board "4"]
[WhiteElo "2424"]
[WhiteTitle "WGM"]
[WhiteCountry "POL"]
[WhiteFideId "1122320"]
[BlackElo "2458"]
[BlackTitle "GM"]
[BlackCountry "POL"]
[BlackFideId "1106619"]

1. e4 {[%clk 1:30:57]} e6 {[%clk 1:30:55]} 2. d4 {[%clk 1:31:22]} d5 {[%clk
1:31:21]} 3. Nc3 {[%clk 1:31:45]} Bb4 {[%clk 1:31:47]} 4. Ne2 {[%clk 1:32:09]}
dxe4 {[%clk 1:31:19]} 5. a3 {[%clk 1:32:29]} Bxc3+ {[%clk 1:31:45]} 6. Nxc3
{[%clk 1:32:51]} Nc6 {[%clk 1:31:34]} 7. Bb5 {[%clk 1:33:01]} Ne7 {[%clk
1:31:35]} 8. Bg5 {[%clk 1:32:58]} f6 {[%clk 1:29:50]} 9. Be3 {[%clk 1:33:10]} O-O
{[%clk 1:28:36]} 10. Qd2 {[%clk 1:33:21]} a6 {[%clk 1:18:32]} 11. Bxc6 {[%clk
1:26:30]} Nxc6 {[%clk 1:17:57]} 12. Nxe4 {[%clk 1:25:30]} Qd5 {[%clk 1:09:27]}
13. f3 {[%clk 1:20:46]} e5 {[%clk 1:02:35]} 14. Nc3 {[%clk 1:17:37]} Qf7 {[%clk
1:01:43]} 15. d5 {[%clk 1:17:36]} Ne7 {[%clk 0:59:18]} 16. O-O-O {[%clk 1:13:09]}
Rd8 {[%clk 0:57:47]} 17. Bc5 {[%clk 1:03:24]} Ng6 {[%clk 0:55:06]} 18. h4 {[%clk
1:02:03]} b6 {[%clk 0:53:03]} 19. h5 {[%clk 0:58:29]} Nf4 {[%clk 0:52:30]} 20.
Be3 {[%clk 0:56:17]} Nxd5 {[%clk 0:43:39]} 21. Nxd5 {[%clk 0:55:39]} Be6 {[%clk
0:44:06]} 22. Nxf6+ {[%clk 0:51:54]} Qxf6 {[%clk 0:43:04]} 23. Qc3 {[%clk
0:52:09]} c5 {[%clk 0:37:51]} 24. h6 {[%clk 0:50:22]} Bf7 {[%clk 0:36:39]} 25.
hxg7 {[%clk 0:48:20]} Qxg7 {[%clk 0:37:00]} 26. Rd2 {[%clk 0:42:28]} e4 {[%clk
0:26:37]} 27. Qxg7+ {[%clk 0:41:24]} Kxg7 {[%clk 0:27:05]} 28. fxe4 {[%clk
0:41:33]} Rxd2 {[%clk 0:23:41]} 29. Bh6+ {[%clk 0:39:06]} Kf6 {[%clk 0:23:14]}
30. Bxd2 {[%clk 0:38:18]} Bg6 {[%clk 0:23:09]} 31. Re1 {[%clk 0:37:12]} Ke6
{[%clk 0:19:08]} 32. g3 {[%clk 0:37:02]} Rd8 {[%clk 0:18:50]} 33. Bc3 {[%clk
0:25:43]} Rf8 {[%clk 0:18:25]} 34. Re3 {[%clk 0:25:27]} Rf1+ {[%clk 0:14:58]} 35.
Kd2 {[%clk 0:25:54]} Bh5 {[%clk 0:14:22]} 36. Kd3 {[%clk 0:23:35]} b5 {[%clk
0:12:57]} 37. Bd2 {[%clk 0:22:49]} Ke5 {[%clk 0:10:54]} 38. b3 {[%clk 0:18:33]}
Rf3 {[%clk 0:09:13]} 39. Bc3+ {[%clk 0:16:20]} Ke6 {[%clk 0:09:34]} 40. Rxf3
{[%clk 0:44:54]} Bxf3 {[%clk 0:40:02]} 41. Ba5 {[%clk 0:44:53]} Kd6 {[%clk
0:35:19]} 42. b4 {[%clk 0:42:32]} cxb4 {[%clk 0:31:13]} 43. Bxb4+ {[%clk
0:42:39]} Ke5 {[%clk 0:28:42]} 44. Bc3+ {[%clk 0:43:05]} Kd6 {[%clk 0:28:52]} 45.
Kd4 {[%clk 0:43:22]} Bd1 {[%clk 0:28:26]} 46. Bb4+ {[%clk 0:43:28]} Ke6 {[%clk
0:28:32]} 47. c3 {[%clk 0:43:34]} Bc2 {[%clk 0:28:45]} 48. Ba5 {[%clk 0:38:18]}
Bd1 {[%clk 0:25:55]} 49. Bc7 {[%clk 0:37:31]} Kd7 {[%clk 0:23:58]} 50. Bf4 {[%clk
0:36:52]} Kc6 {[%clk 0:22:08]} 51. Bd2 {[%clk 0:35:47]} Bc2 {[%clk 0:21:25]} 52.
Be3 {[%clk 0:33:34]} Kd6 {[%clk 0:21:36]} 53. Bh6 {[%clk 0:32:57]} a5 {[%clk
0:19:31]} 54. Bf8+ {[%clk 0:33:01]} Kc6 {[%clk 0:19:42]} 55. e5 {[%clk 0:33:03]}
Bf5 {[%clk 0:15:57]} 56. a4 {[%clk 0:32:36]} Be6 {[%clk 0:15:39]} 57. Be7 {[%clk
0:30:55]} Bb3 {[%clk 0:14:43]} 58. axb5+ {[%clk 0:31:19]} Kxb5 {[%clk 0:14:59]}
59. Bd6 {[%clk 0:31:05]} Be6 {[%clk 0:14:32]} 60. Be7 {[%clk 0:29:41]} Bg8 {[%clk
0:13:53]} 61. Ke4 {[%clk 0:24:03]} Be6 {[%clk 0:14:19]} 62. Kd4 {[%clk 0:22:44]}
Bg8 {[%clk 0:14:42]} 63. Bd6 {[%clk 0:15:46]} Be6 {[%clk 0:14:57]} 64. Bf8 {[%clk
0:16:11]} a4 {[%clk 0:14:58]} 65. Bb4 {[%clk 0:16:10]} Bg8 {[%clk 0:15:09]} 66.
Ke4 {[%clk 0:11:46]} Be6 {[%clk 0:15:33]} 67. Kd4 {[%clk 0:11:59]} Bg8 {[%clk
0:16:00]} 68. Ke4 {[%clk 0:11:55]} 1/2-1/2

[Event "Budimex Polish Women's Championship"]
[Site "www.chessmanager.com"]
[Date "2018.05.18"]
[Round "7"]
[White "Szczepkowska, Karina"]
[Black "Bartel, Marta"]
[Result "1-0"]
[Board "5"]
[WhiteElo "2404"]
[WhiteTitle "IM"]
[WhiteCountry "POL"]
[WhiteFideId "1122681"]
[WhiteEloChange "3"]
[BlackElo "2280"]
[BlackTitle "WGM"]
[BlackCountry "POL"]
[BlackFideId "1123009"]
[BlackEloChange "-7"]

1. d4 {[%clk 1:30:57]} d5 {[%clk 1:30:48]} 2. c4 {[%clk 1:31:22]} e6 {[%clk
1:30:53]} 3. Nc3 {[%clk 1:30:50]} a6 {[%clk 1:31:06]} 4. e3 {[%clk 1:29:12]} Nf6
{[%clk 1:31:10]} 5. Nf3 {[%clk 1:28:41]} dxc4 {[%clk 1:31:23]} 6. Bxc4 {[%clk
1:25:49]} b5 {[%clk 1:30:55]} 7. Bb3 {[%clk 1:21:46]} Bb7 {[%clk 1:30:39]} 8. O-O
{[%clk 1:21:16]} c5 {[%clk 1:29:57]} 9. Qe2 {[%clk 1:21:14]} Nbd7 {[%clk
1:19:17]} 10. Rd1 {[%clk 1:18:35]} c4 {[%clk 1:08:32]} 11. Bc2 {[%clk 1:18:56]}
b4 {[%clk 1:06:45]} 12. Nb1 {[%clk 1:06:52]} Nb6 {[%clk 1:01:10]} 13. e4 {[%clk
1:05:46]} Be7 {[%clk 0:57:31]} 14. Nbd2 {[%clk 1:04:09]} Qc7 {[%clk 0:55:39]} 15.
Nf1 {[%clk 1:02:09]} a5 {[%clk 0:51:23]} 16. Bd2 {[%clk 0:56:37]} Ba6 {[%clk
0:43:46]} 17. Qe1 {[%clk 0:56:18]} h5 {[%clk 0:43:11]} 18. Rac1 {[%clk 0:50:52]}
h4 {[%clk 0:37:44]} 19. h3 {[%clk 0:49:22]} Nh5 {[%clk 0:36:05]} 20. d5 {[%clk
0:43:17]} e5 {[%clk 0:34:06]} 21. Be3 {[%clk 0:43:02]} Rb8 {[%clk 0:21:51]} 22.
N1h2 {[%clk 0:39:55]} Nf6 {[%clk 0:19:03]} 23. Bg5 {[%clk 0:37:53]} Ng8 {[%clk
0:12:43]} 24. Bxe7 {[%clk 0:31:02]} Qxe7 {[%clk 0:13:12]} 25. Ng4 {[%clk
0:31:18]} Rh5 {[%clk 0:12:24]} 26. d6 {[%clk 0:29:19]} Qe6 {[%clk 0:12:13]} 27.
Qe3 {[%clk 0:29:00]} Nd7 {[%clk 0:06:24]} 28. Ba4 {[%clk 0:23:52]} Bb5 {[%clk
0:05:32]} 29. Bxb5 {[%clk 0:24:14]} Rxb5 {[%clk 0:06:01]} 30. Qa7 {[%clk
0:24:18]} g6 {[%clk 0:05:38]} 31. Rd5 {[%clk 0:22:55]} Rb8 {[%clk 0:04:20]} 32.
Ngxe5 {[%clk 0:21:52]} Rd8 {[%clk 0:02:53]} 33. Nc6 {[%clk 0:21:05]} Rc8 {[%clk
0:01:55]} 34. Ncd4 {[%clk 0:14:16]} Qf6 {[%clk 0:01:43]} 35. Qa6 {[%clk 0:13:31]}
Rd8 {[%clk 0:01:35]} 36. Rxh5 {[%clk 0:11:53]} gxh5 {[%clk 0:02:03]} 37. e5
{[%clk 0:12:05]} Qf4 {[%clk 0:01:43]} 38. Re1 {[%clk 0:11:47]} c3 {[%clk
0:01:23]} 39. bxc3 {[%clk 0:12:12]} bxc3 {[%clk 0:01:51]} 40. e6 {[%clk 0:42:10]}
1-0

[Event "Budimex Polish Women's Championship"]
[Site "www.chessmanager.com"]
[Date "2018.05.19"]
[Round "8"]
[White "Majdan, Joanna"]
[Black "Bartel, Marta"]
[Result "1-0"]
[Board "1"]
[WhiteElo "2369"]
[WhiteTitle "WGM"]
[WhiteCountry "POL"]
[WhiteFideId "1121979"]
[WhiteEloChange "7"]
[BlackElo "2280"]
[BlackTitle "WGM"]
[BlackCountry "POL"]
[BlackFideId "1123009"]
[BlackEloChange "-7"]

1. e4 {[%clk 1:30:58]} c5 {[%clk 1:30:49]} 2. Nf3 {[%clk 1:31:16]} e6 {[%clk
1:31:09]} 3. d4 {[%clk 1:31:27]} cxd4 {[%clk 1:31:31]} 4. Nxd4 {[%clk 1:31:51]}
a6 {[%clk 1:31:52]} 5. Bd3 {[%clk 1:31:42]} Bc5 {[%clk 1:32:09]} 6. Nb3 {[%clk
1:32:06]} Be7 {[%clk 1:32:35]} 7. Qg4 {[%clk 1:31:24]} g6 {[%clk 1:32:56]} 8. Qe2
{[%clk 1:30:55]} d6 {[%clk 1:33:06]} 9. Be3 {[%clk 1:30:10]} Qc7 {[%clk 1:33:11]}
10. N1d2 {[%clk 1:30:34]} Nd7 {[%clk 1:32:02]} 11. a4 {[%clk 1:29:33]} b6 {[%clk
1:30:32]} 12. O-O {[%clk 1:29:24]} Bb7 {[%clk 1:29:50]} 13. f4 {[%clk 1:25:51]}
Ngf6 {[%clk 1:28:43]} 14. Kh1 {[%clk 1:15:47]} O-O {[%clk 1:27:20]} 15. Nd4
{[%clk 1:08:27]} e5 {[%clk 1:16:24]} 16. fxe5 {[%clk 1:08:38]} Nxe5 {[%clk
1:16:35]} 17. N4f3 {[%clk 0:58:16]} Nfg4 {[%clk 1:05:43]} 18. Bd4 {[%clk
0:50:11]} Nc6 {[%clk 0:38:40]} 19. Bg1 {[%clk 0:45:50]} Nge5 {[%clk 0:36:37]} 20.
Nc4 {[%clk 0:39:26]} Nxc4 {[%clk 0:34:08]} 21. Bxc4 {[%clk 0:39:54]} Ne5 {[%clk
0:34:17]} 22. Nxe5 {[%clk 0:36:28]} dxe5 {[%clk 0:34:28]} 23. b3 {[%clk 0:36:53]}
Kg7 {[%clk 0:30:50]} 24. Rad1 {[%clk 0:35:36]} Rad8 {[%clk 0:22:54]} 25. Bd5
{[%clk 0:29:50]} Bxd5 {[%clk 0:20:14]} 26. exd5 {[%clk 0:29:42]} a5 {[%clk
0:19:18]} 27. Qf2 {[%clk 0:23:34]} Rd6 {[%clk 0:18:44]} 28. Rfe1 {[%clk 0:23:09]}
f6 {[%clk 0:18:28]} 29. c4 {[%clk 0:22:58]} Rc8 {[%clk 0:16:59]} 30. Rd3 {[%clk
0:20:35]} Qd7 {[%clk 0:16:41]} 31. Qd2 {[%clk 0:19:13]} Qf5 {[%clk 0:13:59]} 32.
Rf3 {[%clk 0:17:34]} Qd7 {[%clk 0:11:24]} 33. Rh3 {[%clk 0:16:50]} Bd8 {[%clk
0:10:30]} 34. Re4 {[%clk 0:15:15]} g5 {[%clk 0:09:26]} 35. Qf2 {[%clk 0:11:48]}
Bc7 {[%clk 0:08:27]} 36. Rf3 {[%clk 0:10:59]} Qe8 {[%clk 0:06:13]} 37. h4 {[%clk
0:09:10]} Qg6 {[%clk 0:05:12]} 38. Rf5 {[%clk 0:08:33]} h6 {[%clk 0:03:40]} 39.
Qf3 {[%clk 0:07:25]} Re8 {[%clk 0:02:41]} 40. Be3 {[%clk 0:36:51]} Bd8 {[%clk
0:31:49]} 41. Kg1 {[%clk 0:33:18]} Rd7 {[%clk 0:31:13]} 42. Kf1 {[%clk 0:31:28]}
Rd6 {[%clk 0:31:15]} 43. Ke2 {[%clk 0:30:33]} Rd7 {[%clk 0:31:12]} 44. Kd3 {[%clk
0:30:39]} Rd6 {[%clk 0:31:33]} 45. Kc2 {[%clk 0:31:02]} Rd7 {[%clk 0:31:42]} 46.
Kb1 {[%clk 0:29:51]} Rd6 {[%clk 0:32:02]} 47. Ka2 {[%clk 0:30:18]} Rd7 {[%clk
0:32:30]} 48. Qf2 {[%clk 0:29:50]} Rd6 {[%clk 0:32:16]} 49. Bc1 {[%clk 0:29:41]}
Rd7 {[%clk 0:31:06]} 50. g4 {[%clk 0:28:41]} Kh7 {[%clk 0:29:49]} 51. Bb2 {[%clk
0:25:59]} Kg8 {[%clk 0:28:32]} 52. Re1 {[%clk 0:23:46]} Kh7 {[%clk 0:24:27]} 53.
Rh1 {[%clk 0:24:11]} Kg8 {[%clk 0:23:23]} 54. Qc2 {[%clk 0:21:53]} Kg7 {[%clk
0:19:38]} 55. hxg5 {[%clk 0:20:43]} hxg5 {[%clk 0:20:01]} 56. Rh5 {[%clk
0:20:37]} Bc7 {[%clk 0:13:12]} 57. Qh2 {[%clk 0:19:04]} Rdd8 {[%clk 0:10:32]} 58.
Bc1 {[%clk 0:15:44]} Rh8 {[%clk 0:07:47]} 59. Bxg5 {[%clk 0:16:03]} Rxh5 {[%clk
0:05:42]} 60. Bxf6+ {[%clk 0:16:30]} Qxf6 {[%clk 0:04:05]} 61. Qxh5 {[%clk
0:16:52]} 1-0

[Event "Budimex Polish Women's Championship"]
[Site "www.chessmanager.com"]
[Date "2018.05.19"]
[Round "8"]
[White "Socko, Monika"]
[Black "Szczepkowska, Karina"]
[Result "1/2-1/2"]
[Board "2"]
[WhiteElo "2458"]
[WhiteTitle "GM"]
[WhiteCountry "POL"]
[WhiteFideId "1106619"]
[WhiteEloChange "-1"]
[BlackElo "2404"]
[BlackTitle "IM"]
[BlackCountry "POL"]
[BlackFideId "1122681"]
[BlackEloChange "1"]

1. d4 {[%clk 1:30:59]} Nf6 {[%clk 1:30:48]} 2. c4 {[%clk 1:31:26]} g6 {[%clk
1:31:08]} 3. Nf3 {[%clk 1:31:20]} Bg7 {[%clk 1:31:08]} 4. g3 {[%clk 1:31:45]} c5
{[%clk 1:31:33]} 5. d5 {[%clk 1:29:16]} b5 {[%clk 1:31:37]} 6. Bg2 {[%clk
1:27:24]} d6 {[%clk 1:29:25]} 7. cxb5 {[%clk 1:24:26]} Qa5+ {[%clk 1:29:38]} 8.
Nfd2 {[%clk 1:23:49]} Qxb5 {[%clk 1:26:27]} 9. Nc3 {[%clk 1:24:10]} Qa6 {[%clk
1:21:47]} 10. O-O {[%clk 1:23:00]} O-O {[%clk 1:19:55]} 11. e4 {[%clk 1:16:30]}
Ng4 {[%clk 1:15:13]} 12. a4 {[%clk 1:13:44]} Bd7 {[%clk 1:04:46]} 13. Ra3 {[%clk
1:05:17]} c4 {[%clk 0:48:54]} 14. Nf3 {[%clk 0:56:26]} Qc8 {[%clk 0:45:32]} 15.
Bg5 {[%clk 0:49:21]} Re8 {[%clk 0:44:49]} 16. Qe2 {[%clk 0:44:34]} Na6 {[%clk
0:43:23]} 17. Rc1 {[%clk 0:35:31]} Nb4 {[%clk 0:43:15]} 18. h3 {[%clk 0:34:40]}
Ne5 {[%clk 0:38:36]} 19. Nxe5 {[%clk 0:35:02]} Bxe5 {[%clk 0:39:00]} 20. Nd1
{[%clk 0:34:03]} Nd3 {[%clk 0:37:48]} 21. Rc2 {[%clk 0:34:04]} Rb8 {[%clk
0:32:20]} 22. Kh2 {[%clk 0:32:28]} Qa6 {[%clk 0:29:18]} 23. a5 {[%clk 0:28:23]}
Bg7 {[%clk 0:27:49]} 24. Bd2 {[%clk 0:26:51]} Nxb2 {[%clk 0:24:37]} 25. Ne3
{[%clk 0:24:33]} Bb5 {[%clk 0:21:05]} 26. Bc3 {[%clk 0:24:32]} Bxc3 {[%clk
0:21:04]} 27. Rcxc3 {[%clk 0:24:40]} Na4 {[%clk 0:18:00]} 28. Rc1 {[%clk
0:25:03]} Rec8 {[%clk 0:16:51]} 29. Qa2 {[%clk 0:24:15]} Qxa5 {[%clk 0:13:15]}
30. Bf1 {[%clk 0:23:07]} a6 {[%clk 0:11:39]} 31. Nxc4 {[%clk 0:17:44]} Qb4 {[%clk
0:09:41]} 32. Rb3 {[%clk 0:14:18]} Qc5 {[%clk 0:09:16]} 33. Rc2 {[%clk 0:05:40]}
Qd4 {[%clk 0:07:32]} 34. Re3 {[%clk 0:04:40]} Nb6 {[%clk 0:03:27]} 35. Nxb6
{[%clk 0:04:35]} Rxc2 {[%clk 0:03:17]} 36. Qxc2 {[%clk 0:05:04]} Qxb6 {[%clk
0:01:40]} 37. Bg2 {[%clk 0:05:32]} a5 {[%clk 0:01:09]} 38. e5 {[%clk 0:05:58]}
dxe5 {[%clk 0:01:13]} 39. Rxe5 {[%clk 0:06:05]} Qd6 {[%clk 0:01:18]} 40. Qe4
{[%clk 0:34:21]} Rb7 {[%clk 0:31:08]} 41. h4 {[%clk 0:28:01]} Bd3 {[%clk
0:25:58]} 42. Qd4 {[%clk 0:26:21]} h5 {[%clk 0:20:52]} 43. Bh3 {[%clk 0:18:02]}
a4 {[%clk 0:17:19]} 44. Re3 {[%clk 0:11:13]} Bc2 {[%clk 0:17:18]} 45. Qc3 {[%clk
0:09:26]} Rc7 {[%clk 0:16:03]} 46. Qa5 {[%clk 0:09:54]} Bb3 {[%clk 0:14:32]} 47.
Bg2 {[%clk 0:10:12]} Kg7 {[%clk 0:12:59]} 48. Qa8 {[%clk 0:08:54]} Rd7 {[%clk
0:12:04]} 49. Rc3 {[%clk 0:08:24]} Bxd5 {[%clk 0:05:52]} 50. Bxd5 {[%clk
0:08:31]} Qxd5 {[%clk 0:06:21]} 51. Qxa4 {[%clk 0:08:56]} Qf5 {[%clk 0:04:51]}
52. Qc2 {[%clk 0:08:48]} Qf6 {[%clk 0:02:30]} 53. Rc8 {[%clk 0:08:32]} Rb7 {[%clk
0:02:46]} 54. Qc3 {[%clk 0:08:09]} Rb2 {[%clk 0:02:51]} 55. Qxf6+ {[%clk
0:08:12]} Kxf6 {[%clk 0:03:19]} 56. Kg2 {[%clk 0:08:37]} e5 {[%clk 0:03:08]} 57.
Rc7 {[%clk 0:07:11]} Ke6 {[%clk 0:03:32]} 58. Rc3 {[%clk 0:06:39]} f6 {[%clk
0:03:37]} 59. Rc7 {[%clk 0:05:47]} Rb5 {[%clk 0:03:17]} 60. Rc2 {[%clk 0:05:28]}
Kf5 {[%clk 0:03:40]} 61. Ra2 {[%clk 0:05:36]} e4 {[%clk 0:03:52]} 62. Rc2 {[%clk
0:05:43]} Ke5 {[%clk 0:03:28]} 63. Ra2 {[%clk 0:05:59]} Rd5 {[%clk 0:03:16]} 64.
Rb2 {[%clk 0:06:02]} Kf5 {[%clk 0:02:33]} 65. Ra2 {[%clk 0:06:21]} g5 {[%clk
0:02:43]} 66. hxg5 {[%clk 0:06:18]} fxg5 {[%clk 0:02:32]} 67. Ra8 {[%clk
0:06:28]} h4 {[%clk 0:02:16]} 68. gxh4 {[%clk 0:06:07]} gxh4 {[%clk 0:02:40]} 69.
Kh3 {[%clk 0:04:12]} Kf4 {[%clk 0:01:21]} 70. Kxh4 {[%clk 0:03:08]} Rf5 {[%clk
0:01:19]} 71. Ra3 {[%clk 0:03:29]} Rd5 {[%clk 0:01:25]} 72. Ra8 {[%clk 0:03:22]}
Kf3 {[%clk 0:01:04]} 73. Rf8+ {[%clk 0:03:48]} Ke2 {[%clk 0:01:27]} 74. Rf4
{[%clk 0:04:03]} Kd3 {[%clk 0:01:17]} 75. Kg4 {[%clk 0:03:48]} Rd8 {[%clk
0:01:18]} 76. Rf5 {[%clk 0:03:44]} Rd4 {[%clk 0:01:13]} 77. Kg3 {[%clk 0:03:51]}
Rd8 {[%clk 0:00:55]} 1/2-1/2